100+m Towers In 'La Défense' - Paris, France - Statistics

General Stats
  • This quiz has been taken 6 times
  • The average score is 22 of 42
Answer Stats
Hint Answer % Correct
178m Tour Areva
100%
152m Tour Ariane
100%
133m Tour Aurore
100%
155m Tour Égée
100%
103m Tour Emblem
100%
185m Tour Engie
100%
110m Tour Europe
100%
107m Tour Europlaza
100%
231m Tour First
100%
220m Tour Hekla
100%
194m Tour Majunga
100%
127m Tour Michelet
100%
160m Tour Alto
67%
179m Tour CB21
67%
161m Tour Cœur Défense
67%
175m Tour D2
67%
140m Tour Eqho
67%
120m Tour Franklin
67%
183m Tour Granite
67%
165m Tour Légende
67%
110m Tour Manhattan
67%
106m Tour Opus 12
67%
167m Tour Saint-Gobain
67%
167m Tours Société générale
67%
155m Tour Adria / Technip
33%
117m Tour CGI
33%
140m Tour Dexia
33%
105m Tour Initiale
33%
117m Tour Neptune
33%
101m Tour Pascal
33%
140m Tour Trinity
33%
111m Arche de la Défense
0%
100m L'Archipel
0%
100m Tour Athéna
0%
162m Tour Carpe Diem
0%
136m Tour Défense 2000
0%
109m Tour Ève
0%
126m Tour France
0%
106m Tour Gambetta
0%
128m Tour Les Poissons
0%
105m Tour Séquoia
0%
119m Tour Winterthur
0%
No matching quizzes found
Score Distribution
Percent of People with Each Score
Percentile by Number Answered
Your Score History
You have not taken this quiz